00691cam a22002417a 4500003000500000005001700005008004100022010000900063011000900072035000900081040000900090082001500099100003500114245010900149260005800258300001100316490002500327500001100352650002600363650002100389650001400410830002500424CHAP20220329133328.0971013s1989 r 00010 d a4977 a5949 a5165 cCHAP a336.34bM300aMantey de Anguiano, Guadalupe.13aLa inequidad del sistema monetario internacional y el carácter político de la deuda del Tercer Mundo aMéxico, D.F. :bUNAM. Facultad de Economía,c1989 a126 p. 0aEconomía de los 80 a55-10814aCambio internacional.14aDeuda pública.14aFinanzas.0 aEconomía de los 80